| Tag |
First Indicator |
Second Indicator |
Subfields |
| LEADER |
00000cam a22000008a 4500 |
| 001 |
in00000770721 |
| 005 |
20151017050435.0 |
| 008 |
880502r1988 nyua j 00010 eng |
| 010 |
|
|
|a 88015693
|
| 020 |
|
|
|a 0872261921
|
| 035 |
|
|
|a (OCoLC)18051007
|
| 035 |
|
|
|9 ADK0590AM
|
| 040 |
|
|
|a DLC
|c DLC
|d TXA
|d UtOrBLW
|
| 049 |
|
|
|a TXAM
|c [A11764193]
|
| 050 |
0 |
0 |
|a PR2877
|b .B45 1988
|
| 082 |
0 |
|
|a 813/.54
|2 19
|
| 100 |
1 |
|
|a Birch, Beverley.
|
| 245 |
1 |
0 |
|a Shakespeare's stories :
|b histories /
|c retold by Beverley Birch ; illustrated by Robina Green.
|
| 250 |
|
|
|a 1st American ed.
|
| 263 |
|
|
|a 8812
|
| 264 |
|
1 |
|a New York :
|b P. Bedrick Books,
|c 1988.
|
| 300 |
|
|
|a 126 pages :
|b illustrations
|
| 336 |
|
|
|a text
|b txt
|2 rdacontent
|
| 337 |
|
|
|a unmediated
|b n
|2 rdamedia
|
| 338 |
|
|
|a volume
|b nc
|2 rdacarrier
|
| 520 |
|
|
|a Presents the stories of five of Shakespeare's plays: Antony and Cleopatra, Richard III, Henry IV, Henry V, and Julius Caesar.
|
| 600 |
1 |
0 |
|a Shakespeare, William,
|d 1564-1616
|v Adaptations
|x Juvenile literature.
|
| 600 |
1 |
0 |
|a Shakespeare, William,
|d 1564-1616
|x Histories
|x Juvenile literature.
|
| 600 |
1 |
0 |
|a Shakespeare, William,
|d 1564-1616
|v Adaptations.
|
| 700 |
1 |
|
|a Green, Robina.
|
| 700 |
1 |
2 |
|a Shakespeare, William,
|d 1564-1616.
|t Plays.
|k Selections.
|f 1988.
|
| 999 |
|
|
|a MARS
|
| 999 |
f |
f |
|s dc1310a5-b594-397b-b21e-1a7a8c25d3bd
|i c5a3bca3-e3ca-37de-ae86-98aa981389c8
|t 0
|
| 952 |
f |
f |
|p normal
|a Texas A&M University
|b College Station
|c Sterling C. Evans Library
|d Evans: Library Stacks
|t 0
|e PR2877 .B45 1988
|h Library of Congress classification
|i unmediated -- volume
|m A14811764193
|
| 998 |
f |
f |
|a PR2877 .B45 1988
|t 0
|l Evans: Library Stacks
|